书目信息 |
| 题名: |
蒙古族美术研究
|
|
| 作者: | 阿木尔巴图 编著 | |
| 分册: | ||
| 出版信息: | 沈阳 辽宁民族出版社 1997 |
|
| 页数: | 562页 | |
| 开本: | 20cm | |
| 丛书名: | 中国蒙古学文库 | |
| 单 册: | ||
| 中图分类: | J052 | |
| 科图分类: | ||
| 主题词: | 蒙古族--美术史--研究--中国 , 艺术评论 , 艺术--鉴赏 | |
| 电子资源: | ||
| ISBN: | 7-80527-904-7 | |
| 000 | 00902oam2 2200289 45 | |
| 001 | 060000036575 | |
| 005 | 20051223113744.07 | |
| 010 | @a7-80527-904-7@b精装@dCNY48.00 | |
| 092 | @aCN | |
| 100 | @a20050714e20041997ekmy0chiy0120 ea | |
| 101 | 0 | @achi |
| 102 | @aCN@b210000 | |
| 105 | @aa z 000yy | |
| 200 | 1 | @a蒙古族美术研究@9meng gu zu mei shu yan jiu@f阿木尔巴图编著@Fa mu er ba tu bian zhu |
| 210 | @a沈阳@c辽宁民族出版社@d1997@h2004重印 | |
| 215 | @a562页@c图@d20cm | |
| 225 | 2 | @a中国蒙古学文库 |
| 330 | @a本书分二篇十章。内容包括:北方民族原始社会美术、北方民族原始宗教、辽代美术、蒙古族民间刺绣等。 | |
| 461 | 0 | @12001 @a中国蒙古学文库 |
| 606 | 0 | @a蒙古族@x美术史@x研究@y中国 |
| 606 | 0 | @a艺术评论 |
| 606 | 0 | @a艺术@x鉴赏 |
| 690 | @aJ052@v4 | |
| 701 | 0 | @a阿木尔巴图@Aa mu er ba tu@4编著 |
| 801 | 0 | @aCN@bCXYBOOK@c20051223 |
| 905 | @a10447@dJ052@e143 | |
| 999 | @aYYW@eDF | |
| 蒙古族美术研究/阿木尔巴图编著.-沈阳:辽宁民族出版社,1997(2004重印) |
| 562页:图;20cm.-(中国蒙古学文库) |
| ISBN 7-80527-904-7(精装):CNY48.00 |
| 本书分二篇十章。内容包括:北方民族原始社会美术、北方民族原始宗教、辽代美术、蒙古族民间刺绣等。 |
| ● |
| 相关链接 |
|
|
|
|
正题名:蒙古族美术研究
索取号:J052/143
 
预约/预借
| 序号 | 登录号 | 条形码 | 馆藏地/架位号 | 状态 | 备注 |
| 1 | 0372456 | 203724568 | 第一样本阅览室/ [索取号:J052/143] | 在馆 |